|
|
|
|
| LEADER |
00000nas a2200000 a 4500 |
| 001 |
ssj0023208 |
| 003 |
WaSeSS |
| 005 |
20200512172242.0 |
| 006 |
m d |
| 007 |
cr n |
| 008 |
030718c20039999enk x ss 0 a0eng c |
| 010 |
|
|
|a 2003252115
|
| 015 |
|
|
|a GBB0C7240
|2 bnb
|
| 015 |
|
|
|a 17,O11
|2 dnb
|
| 016 |
7 |
|
|a 025079891
|2 DE-101
|
| 016 |
7 |
|
|a 2119372-1
|2 DE-600
|
| 016 |
7 |
|
|a 101170476
|2 DNLM
|
| 016 |
7 |
|
|a 012906040
|2 Uk
|
| 022 |
|
|
|a 1478-7547
|l 1478-7547
|
| 035 |
|
|
|a (WaSeSS)ssj0023208
|
| 040 |
|
|
|a RRR
|b eng
|e pn
|c RRR
|d COU
|d WAU
|d NLM
|d CGU
|d CUS
|d OCLCQ
|d HEBIS
|d UKMGB
|d OCLCQ
|d GBVCP
|d OCLCQ
|d TWT
|d OCLCF
|d OCLCO
|d EUW
|d OCLCO
|d OCLCQ
|d OCLCO
|d OCLCQ
|d CASUM
|d OCLCA
|d OCLCO
|d OCLCA
|d WT2
|d DLC
|d GWDNB
|d Z5A
|d NLE
|d OCLCA
|d OCLCQ
|d VT2
|d WaSeSS
|
| 042 |
|
|
|a pcc
|
| 050 |
0 |
0 |
|a RA410
|
| 060 |
1 |
0 |
|a W1
|
| 210 |
1 |
0 |
|a Cost Eff Resour Alloc
|2 dnlm
|
| 245 |
0 |
0 |
|a Cost effectiveness and resource allocation
|h [electronic resource].
|
| 246 |
1 |
|
|i Source code title:
|a CERA
|
| 246 |
1 |
3 |
|a C/E
|
| 260 |
|
|
|a London :
|b BioMed Central,
|c 2003-
|
| 310 |
|
|
|a Irregular
|
| 362 |
0 |
|
|a 1:1 (26 Feb. 2003)-
|
| 500 |
|
|
|a Title from publisher's PDF article caption (viewed Sept. 11, 2003).
|
| 506 |
|
|
|a License restrictions may limit access.
|
| 515 |
|
|
|a Articles added on an individual basis as accepted.
|
| 538 |
|
|
|a Mode of access: World Wide Web.
|
| 588 |
|
|
|a Latest issue consulted: 15:20 (7 Sept. 2017) (Biomed Central, viewed Oct. 4, 2017).
|
| 650 |
|
0 |
|a Medical economics
|v Periodicals.
|
| 650 |
|
0 |
|a Medical care
|x Evaluation
|v Periodicals.
|
| 650 |
|
0 |
|a Medical ethics
|v Periodicals.
|
| 650 |
|
0 |
|a Medical care
|x Political aspects
|v Periodicals.
|
| 650 |
|
7 |
|a Medical care
|x Evaluation.
|2 fast
|0 (OCoLC)fst01013794
|
| 650 |
|
7 |
|a Medical care
|x Political aspects.
|2 fast
|0 (OCoLC)fst01013830
|
| 650 |
|
7 |
|a Medical economics.
|2 fast
|0 (OCoLC)fst01014004
|
| 650 |
|
7 |
|a Medical ethics.
|2 fast
|0 (OCoLC)fst01014081
|
| 650 |
1 |
2 |
|a Delivery of Health Care
|x economics.
|
| 650 |
2 |
2 |
|a Resource Allocation
|x economics.
|
| 650 |
2 |
2 |
|a Cost-Benefit Analysis
|x methods.
|
| 650 |
2 |
2 |
|a Health Resources
|x economics.
|
| 655 |
|
0 |
|a Electronic journals.
|
| 850 |
|
|
|a DLC
|
| 856 |
4 |
0 |
|z Full text available from Research Library: 01/01/2009 to present
|u https://search.proquest.com/publication/44359
|